Statistics for Most Premier League Free Kick Goals

Click here to take the quiz!

General Stats

  • This quiz has been taken 64 times
  • The average score is 6 of 12

Answer Stats

#NationalityDebut ClubAnswer% Correct
11PortugueseManchester UnitedCristiano Ronaldo
95%
12FrenchArsenalThierry Henry
95%
18EnglishManchester UnitedDavid Beckham
91%
12ItalianChelseaGianfranco Zola
79%
10*EnglishSouthamptonJames Ward-Prowse
66%
11SwedishArsenalSebastian Larsson
34%
9PeruvianNewcastle UnitedNolberto Solano
30%
9EnglishWest Ham UnitedFrank Lampard
25%
10NorwegianBlackburn RoversMorten Gamst Pedersen
25%
10IrishLeeds UnitedIan Harte
16%
11FrenchNewcastle UnitedLaurent Robert
16%
9EnglishLiverpoolJamie Redknapp
11%

Score Distribution

Percentile by Number Answered

Percent of People with Each Score

Your Score History

You have not taken this quiz